000 06511namaa22004451i 4500
003 EG-GICUC
005 20260415124922.0
008 260401s2025 ua a|||frm||| 000 0 eng d
040 _aEG-GICUC
_beng
_cEG-GICUC
_dEG-GICUC
_erda
041 0 _aeng
_beng
_bara
049 _aDeposit
082 0 4 _a615.82
092 _a615.82
_221
097 _aPh.D
099 _aCai01.21.10.Ph.D.2025.Al.C
100 0 _aAlaa Omar Ahmed Mostafa,
_epreparation.
245 1 0 _aCorrelation between the incidence of acquired pneumonia and metabolic parameters in intencive care /
_cby Alaa Omar Ahmed Mostafa ; Supervisors Prof. Dr. Nesreen Ghareeb El-nahas, Prof. Dr.Youssef Mohamed Amin Soliman, Prof. Dr. Rana Hesham Mohamed El Banna.
246 1 5 _aالعلاقة بين الالتهاب الرئوي المكتسب والمتغيرات الايضيه في مرض العنايه المركزة
264 0 _c2025.
300 _a70 pages :
_billustrations ;
_c25 cm. +
_eCD.
336 _atext
_2rda content
337 _aUnmediated
_2rdamedia
338 _avolume
_2rdacarrier
502 _aThesis (Ph.D)-Cairo University, 2025.
504 _aBibliography: pages 63-250.
520 3 _aBackground: Acquired pneumonia is a significant complication in ICU patients, often leading to increased morbidity and mortality. Metabolic parameters such as blood glucose levels, lactate, and electrolytes are critical indicators of patient health and may influence the risk of developing pneumonia. Understanding the correlation between these parameters and the incidence of pneumonia could help in devising better preventive and management strategies in intensive care settings. Methods: A cohort of 100 ICU patients was analyzed to identify the incidence of acquired pneumonia. Various metabolic parameters, including blood glucose levels, lactate, electrolytes, and gas measurements, were recorded. Data were collected on patient demographics, duration of mechanical ventilation, and length of ICU stay. Results: The study found that 45% (68 out of 150 patients) of the ICU patients developed acquired pneumonia. The mean blood glucose levels and lactate levels in these patients were 141.45 mg/dL and 2.6790 mmol/L, respectively. The average duration of mechanical ventilation was 4.81 days, and the mean length of ICU stay was 5.98 days. A significant positive correlation was observed between blood glucose levels and pneumonia incidence (correlation coefficient = 0.65, p < 0.01) as well as between lactate levels and pneumonia incidence (correlation coefficient = 0.72, p < 0.01). Conclusion: Elevated blood glucose and lactate levels are significantly correlated with an increased incidence of acquired pneumonia in ICU patients. The data suggest that meticulous monitoring and management of these metabolic parameters can potentially reduce the risk of pneumonia and improve patient outcomes.
520 3 _aالخلفية: تُعدّ ظاهرة الرئة المُكتسبة من أبرز المضاعفات لدى مرضى العناية المركزة، وغالباً ما تؤدي إلى زيادة كلٍ من الحالات المرضية والوفيات. تُعتبر المؤشرات الاستقلابية مثل مستويات سكر الدم، واللاكتات، والشوارد من المؤشرات الحرجة لصحة المريض، وقد تؤثر على خطر تطور ذات الرئة. إن فهم العلاقة بين هذه المؤشرات وحدوث ذات الرئة قد يُسهم في تطوير استراتيجيات أفضل للوقاية والمعالجة في بيئة العناية المركزة. الطرق: تم تحليل مجموعة مكونة من 100 مريض في وحدة العناية المركزة لتحديد معدل حدوث ذات الرئة المكتسبة. تم تسجيل عدد من المؤشرات الاستقلابية، بما في ذلك مستويات سكر الدم، واللاكتات، والشوارد، وقياسات الغازات. كما جُمعت بيانات حول الخصائص الديموغرافية للمرضى، ومدة التهوية الميكانيكية، وفترة البقاء في العناية المركزة. النتائج: أظهرت الدراسة أن 45% (68 من أصل 100 مريضًا) من مرضى العناية المركزة قد أصيبوا بذات الرئة المكتسبة. بلغ متوسط مستويات سكر الدم واللاكتات لدى هؤلاء المرضى 141.45 ملغ/دل و2.6790 مليمول/لتر، على التوالي. كان متوسط مدة التهوية الميكانيكية 4.81 يومًا، ومتوسط مدة البقاء في العناية المركزة 5.98 يومًا. وُجِد ارتباط إيجابي معنوي بين مستويات سكر الدم وحدوث ذات الرئة (معامل الارتباط = 0.65، p < 0.01)، وكذلك بين مستويات اللاكتات وحدوث ذات الرئة (معامل الارتباط = 0.72، p < 0.01).) الاستنتاج: إن ارتفاع مستويات سكر الدم واللاكتات يرتبط بشكل ملحوظ بزيادة حدوث ذات الرئة المكتسبة لدى مرضى العناية المركزة. وتُشير هذه البيانات إلى أن المراقبة الدقيقة والسيطرة المُحكمة على هذه المؤشرات الاستقلابية قد تسهم في خفض خطر ذات الرئة وتحسين مخرجات المرضى.
530 _aIssues also as CD.
546 _aText in English and abstract in Arabic & English.
650 0 _aPhysical Therapy
650 0 _aالعلاج الطبيعي
653 1 _aAcquired pneumonia
_ametabolic parameters
_aintensive care unit
_aICU
_amechanical ventilation
_ablood glucose
_alactate
_apatient outcomes
_aذات الرئة المكتسبة
_aالمؤشرات الاستقلابية
700 0 _aNesreen Ghareeb El-nahas
_ethesis advisor.
700 0 _aYoussef Mohamed Amin Soliman
_ethesis advisor.
700 0 _aRana Hesham Mohamed El Bann
_ethesis advisor.
900 _b01-01-2025
_cNesreen Ghareeb El-nahas
_cYoussef Mohamed Amin Soliman
_cRana Hesham Mohamed El Banna.
_UCairo University
_FFaculty of Physical Therapy
_DDepartment of Physical Therapy for Cardiovascular Respiratory Disorder and Geriatrics
905 _aShimaa
_eEman Ghareb
942 _2ddc
_cTH
_e21
_n0
999 _c179128